| 000 | 00528nam a2200169Ia 4500 | ||
|---|---|---|---|
| 999 |
_c16706 _d16706 |
||
| 082 | _aTS.0850 | ||
| 100 | _aSaikia, Naranath | ||
| 245 | 0 | _aMajuli : A geographic study of its problems and prospects | |
| 260 |
_c1993 _bDibrugarh University |
||
| 300 | _a262p. | ||
| 650 | _aVILLAGES - ASSAM | ||
| 650 | _aMAJULI - DESCRIPTION AND TRAVEL | ||
| 650 | _aGEOGRAPHY - ASSAM - JORHAT DISTRICT - MAJULI | ||
| 650 | _aASSAM - DESCRIPTION AND TRAVEL///MAJULI - DESCRIPTION AND TRAVEL | ||
| 710 | _aBarthakur, M. | ||
| 942 |
_cTH _2ddc |
||